000 01246nam a2200265 a 4500
001 000021893
003 DO-SdBNP
005 20250501120733.0
008 091123s1999 dr r 001 0 spa d
020 _a849306386x
040 _aDO-SdBNP
_bspa
_cBNPHU
082 _a972.93053
_bG158e
245 1 3 _aLa era de Trujillo /
_cJesús de Galíndez.
260 _aSanto Domingo :
_bEditora Cole,
_c1999.
300 _a420 p. ;
_c21 cm.
500 _aIncluye índice onomástico
500 _aIncluye referencias bibliográficas y notas al pie de las páginas.
504 _aBibliografía : p. 311-321
505 2 _aLa Era de Trujillo -- Parodia constitucional -- Elecciones y renuncias -- Terror difuso en vez de libertad -- Partido único y sindicatos de gobierno -- Instituciones sociales de relleno -- Estilo personal del tirano -- Repercusiones de la política internacional - El anticomunismo de Trujillo -- La obra positiva del Régimen Trujillista -- Crítica del régimen y grupos de oposición -- Conclusiones -- Bibliografía -- Índice onomástico.
590 _aInventariado, 2021 / DG
650 1 0 _aDemografía
_945443
700 1 _aInoa, Orlando
_95784
910 _aValidado. Control de calidad. MMOLINA
942 _2ddc
_cLBS1
999 _c21391
_d21391